Mistrovství Evropy ve skákání

Bibliographic Details
Main Author: Z. V. (Author)
Format: Article
Language:Slovak
Czech

MARC

LEADER 00000nab a2200000ua 4500
001 vtls010745470
003 SK-MaSNL
005 20260304195956.0
008 250718s1975 xo |||||||||||||||||slo|
035 |a (urnnbn)urn:nbn:sk:snk:ar-a01mxa 
035 |a (uuid)29048f65-aa58-4713-95ce-780579daa801 
035 |a urn:nbn:sk:snk-ab4fhw 
040 |a SNKBUCL  |b slo  |c SNKBUCL  |e AACR2 
041 0 |a cze 
044 |a xo  |c SK 
100 1 |a Z. V.  |4 aut  |9 5622 
245 1 0 |a Mistrovství Evropy ve skákání  |c Z. V. 
773 0 |t Jazdectvo : časopis pre chov koní a jazdecký šport  |g Roč. 23, č. 10 (1975), s. 186-187 
850 |a Slovenská národná knižnica 
852 |a Slovenská národná knižnica 
954 |a odborná, vedecká literatúra cudzojazyčná (svetová)  |2 lita 
954 |a odborná, vedecká literatúra pôvodná (slovenská)  |2 lita 
958 |a article3 
958 |a OND 
958 |a EUIPO 
999 |c 3084241  |d 3086171